市町村人口ランキング(道央) - Statistics

General Stats
  • This quiz has been taken 33 times
  • The average score is 40 of 50
Answer Stats
Hint 市町村 人口 % Correct
石狩 札幌市 1,956,928
100%
胆振 苫小牧市 166,846
100%
石狩 江別市 118,686
93%
石狩 千歳市 97,999
93%
空知 岩見沢市 75,522
93%
石狩 石狩市 57,645
93%
石狩 北広島市 56,903
93%
胆振 室蘭市 76,519
89%
空知 滝川市 37,309
89%
空知 芦別市 11,571
89%
石狩 恵庭市 70,354
86%
胆振 登別市 44,451
86%
胆振 伊達市 31,822
86%
日高郡 新ひだか町 20,591
86%
空知 美唄市 18,976
86%
空知 深川市 18,764
86%
空知 砂川市 15,520
86%
白老郡 白老町 15,451
86%
浦河郡 浦河町 11,453
86%
空知 赤平市 8,741
86%
空知 三笠市 7,465
86%
空知 歌志内市 2,668
86%
石狩郡 当別町 15,286
82%
虻田郡 洞爺湖町 8,068
82%
空知 夕張市 6,411
82%
新冠郡 新冠町 5,137
82%
様似郡 様似町 3,901
82%
夕張郡 栗山町 10,905
79%
夕張郡 長沼町 10,057
79%
虻田郡 豊浦町 3,558
79%
沙流郡 日高町 11,107
75%
樺戸郡 新十津川町 6,312
75%
夕張郡 由仁町 4,662
75%
勇払郡 厚真町 4,306
75%
雨竜郡 沼田町 2,840
75%
石狩郡 新篠津村 2,808
75%
有珠郡 壮瞥町 2,391
75%
雨竜郡 雨竜町 2,109
75%
雨竜郡 北竜町 1,637
75%
勇払郡 むかわ町 7,323
71%
樺戸郡 月形町 2,821
71%
雨竜郡 妹背牛町 2,635
71%
空知郡 上砂川町 2,459
71%
雨竜郡 秩父別町 2,229
71%
樺戸郡 浦臼町 1,605
71%
空知郡 南幌町 7,785
68%
幌泉郡 えりも町 4,178
68%
勇払郡 安平町 7,311
64%
空知郡 奈井江町 4,819
64%
沙流郡 平取町 4,539
64%
No matching quizzes found
Score Distribution
Percent of People with Each Score
Percentile by Number Answered
Your Score History
You have not taken this quiz